| 000 | 00351nam a2200145Ia 4500 | ||
|---|---|---|---|
| 008 | 230312s9999||||xx |||||||||||||| ||und|| | ||
| 020 | _a1-444-73758-5 | ||
| 082 |
_a720.19 _bSTO-K |
||
| 100 | _aStoughton Hodder | ||
| 245 | 0 | _aKirstie Allsopp craft | |
| 260 |
_bGreat british _aLondon _c2011 |
||
| 300 | _a224 | ||
| 650 | _aArchitecture | ||
| 942 | _cBK | ||
| 999 |
_c11669 _d11669 |
||